00490nam a2200169 a 450000500170000000800410001702000150005805000240007310000190009724500420011626000480015830000210020644000250022752100090025265000360026165000230029720140310183218.0030719s19uu xx 00 eng d a8171413587 aHD 30.4b.T841 2003 aTrivedi, P. R. aManagement Education /cP.R. Trivedi. aIndia :bDiscovery Publishing House,c2003. a322 p. :c22 cm. aDPH Education series aBSBA aManagement - study and teaching aBusiness education